Los profetas del odio : y la yapa (la colonización pedagógica) /
Guardado en:
| Autor Principal: | |
|---|---|
| Formato: | Libro |
| Publicado: |
Buenos Aires :
Corregidor,
2004
|
| Series: | Obras completas ; 4)
|
| Materias: | |
| Etiquetas: |
Agregar Etiqueta
Sin Etiquetas, Sea el primero en etiquetar este registro!
|
| LEADER | 00579nam a22001935a 4500 | ||
|---|---|---|---|
| 001 | CEM.cems012265 | ||
| 005 | 20060908000000.0 | ||
| 008 | 130507s2004##################000#0#####d | ||
| 003 | CEMS | ||
| 020 | |a 9500509725 | ||
| 082 | 0 | 4 | |a 370.19 |
| 100 | 1 | |a Jauretche, Arturo | |
| 245 | 1 | 0 | |a Los profetas del odio : |b y la yapa (la colonización pedagógica) / |c Arturo Jauretche |
| 260 | |a Buenos Aires : |b Corregidor, |c 2004 | ||
| 300 | |a 239 p. | ||
| 490 | 0 | |a Obras completas ; 4) | |
| 653 | |a Educación | ||
| 653 | |a Pedagogía | ||
| 859 | |a CEMS |b BIB. CEMS - 11 de abril |h 370.19 |i J327 |p 23469.06 |t Ej.1 | ||
